Responses for Show #3086 - Monday, January 19, 1998

Contestants

[<< previous game]

Jack Gray, a retail consultant from Venice, California

Margaret Garnett, a law school student from New York City, New York

Drew Reid, a musician and songwriter from Franklin, Tennessee (whose 1-day cash winnings total $12,100)

[next game >>]

Jeopardy! Round responses

JANUARY 1948
(Alex: You remember that?)
CHAPTER ONE
CANADIAN HODGEPODGE
EASY ON THE EARS
FOOD
____ OF ____
    $100 6
(M: What is France?)

Switzerland

DrewMargaret
    $100 17
James Fenimore Cooper

Drew
    $100 1
The Four Seasons

Drew
    $100 25
Muzak

Margaret
    $100 5
Marrow

Drew
    $100 13
Maid of honor

Margaret
    $200 7
John Sutter

Drew
    $200 18
"Sense and Sensibility"

Margaret
    $200 2
Beaver

Drew
    $200 28
Airports

Margaret
    $200 9
Tabasco

Drew
    $200 15
Act of God

Margaret
    $300 4
Thomas Dewey

Margaret
    $300 19
Henry James

Margaret
    $300 3
Nova Scotia

Drew
    $300 29
Lawrence Welk

Drew
    $300 11
Fish

Drew
    $300 16
Next of kin

Drew
    $400 8
Tariffs & trade

Margaret
    $400 20
A Room with a View

Margaret
    $400 10
Prince Edward Island

Margaret
    $1,500 27
Karen Carpenter

Margaret
    $400 23
Cannellini

Jack
    $400 22
Cost of living

Drew
    $500 14
(D: Who was MacArthur?)

Omar Bradley

DrewJack
    $500 21
Nebraska

Margaret
    $500 12
Stratford

Jack
    $500 30
Mantovani

Jack
    $500 26
(Alex: Mmmm!)

Puff pastry

Margaret
    $500 24
Horn of plenty

Drew

Scores at the first commercial break (after clue 14):

Drew Margaret Jack
$1,000 $1,100 $1,000

Scores at the end of the Jeopardy! Round:

Drew Margaret Jack
$2,600 $5,000 $1,900

Double Jeopardy! Round responses

THE NORTH PACIFIC
MEDICAL STUFF
TALK RADIO
THE CIVIL RIGHTS MOVEMENT
(Alex: Today is Martin Luther King Day, so that's why we have the Civil Rights category.)
WINTER
3-SYLLABLE WORDS
    $200 1
San Francisco Bay

Drew
    $200 15
FCC (Federal Communications Commission)

Margaret
    $200 2
Read

Drew
    $200 7
Squash

Jack
    $200 16
(D: What is the Age of Enlightenment?)

Renaissance

Drew
Triple Stumper
    $400 10
Philippines

Jack
    $1,200 19
Automobile repair

Margaret
    $400 3
(D: Who is James Meredith?)

Medgar Evers

DrewJack
    $400 8
Engelbert Humperdinck

Jack
    $400 17
Vocation

Margaret
    $600 11
Alaska

Jack
    $600 24
Colorblindness

Jack
    $600 4
Selma

Margaret
    $600 9
Spring

Drew
    $600 18
Undermine

Triple Stumper
    $800 12
Korea

Margaret
    $800 26
Penicillin

Jack
    $800 25
(J: Who is Erlichman?)

G. Gordon Liddy

MargaretJack
    $1,200 5
The Urban League

Margaret
    $800 13
Minnesota

Jack
    $800 20
Revolting

Triple Stumper
    $1000 21
(Alex: About a minute left.)
[NOTE: This was the 100,000th clue entered into the J! Archive, 2007-06-20.]

the Marianas Trench

Drew
    $1000 27
(Margaret: What is tuberculosis?)
(Jack: What is polio?)
[The end-of-round signal sounds.]

diphtheria

MargaretJack
Triple Stumper
    $1000 22
Dr. Joyce Brothers

Drew
    $1000 6
Non-violence (Student Nonviolent Coordinating Committee)

Margaret
    $1000 14
"The Winter's Tale"

Jack
    $1000 23
Circular

Triple Stumper

Scores at the end of the Double Jeopardy! Round:

Drew Margaret Jack
$5,000 $10,200 $5,300

[wagering suggestions for these scores]

Final Jeopardy! Round responses

BESTSELLERS
DrewWhat is Firestarter?
$4,995
JackWhat is
$5,300
MargaretWhat is The Shining?
$401
Firestarter

Final scores:

Drew Margaret Jack
$9,995 $9,799 $0
2-day champion: $22,095 2nd place: Trip to Atlanta Hilton & Towers 3rd place: Gateway 2000 Family Desktop PC

Game dynamics:

Coryat scores:

Drew Margaret Jack
$5,000 $7,900 $5,300
18 R,
3 W
21 R
(including 3 DDs),
2 W
13 R,
2 W

Combined Coryat: $18,200

[game clues] [game scores] [suggest correction]

Game tape date: Unknown
The J! Archive is created by fans, for fans. Scraping, republication, monetization, and malicious use prohibited; this site may use cookies and collect identifying information. See terms. The Jeopardy! game show and all elements thereof, including but not limited to copyright and trademark thereto, are the property of Jeopardy Productions, Inc. and are protected under law. This website is not affiliated with, sponsored by, or operated by Jeopardy Productions, Inc. Join the discussion at JBoard.tv.